[Event "HCL-A039"]
[Site "www.playchess.de"]
[Date "2001.02.04"]
[Round "19"]
[White "bondegnasker"]
[Black "Flash_Force"]
[WhiteElo "1621"]
[BlackElo "1700"]
[PlyCount "91"]
[Result "1/2-1/2"]

1.d4 f5 2.g3 Nf6 3.Bg2 e6 4.c4 Bb4+ 5.Nd2 O-O 
6.Ngf3 b6 7.a3 Be7 8.Ne5 c6 9.O-O Bb7 10.b4 d6 
11.Nd3 Qc7 12.Bb2 c5 13.dxc5 bxc5 14.bxc5 dxc5 
15.Nf3 Nbd7 16.Nf4 Qb6 17.Rb1 Qa6 18.Bxf6 Nxf6 
19.Nxe6 Bxf3 20.Nxf8 Bxg2 21.Nd7 Qc6 22.Nxf6+ Bxf6 
23.Re1 Bh3 24.Qd5+ Qxd5 25.cxd5 Bg4 26.f3 Bh5 
27.Kf2 f4 28.Red1 Bd4+ 29.Kf1 Bf7 30.gxf4 Bxd5 
31.e3 Ba2 32.exd4 Bxb1 33.Rxb1 cxd4 34.Rb4 Rc8 
35.Rxd4 Rc3 36.Rd8+ Kf7 37.Rd7+ Kg6 {Happy New 
Year!}  38.Rxa7 {Same to you!}  Rxf3+ 39.Kg2 Rxf4 
40.a4 h6 41.Kg3 {seems like the messages repeat 
themselves?!}  Rb4 {Well it WAS such a long time 
since the last one. ;-)}  42.a5 Ra4 {lol}  43.a6 
h5 {I thought your message about repeating 
messages again lol}  44.Ra8 {We don't need to 
repeat ourselves - it's done automatically as a 
service!}  Kh7 {yes. Hey! I should say 
congratulations on your earlier tournament win!}  
45.Kf3 {I won?! I didn't notice! Thanks!}  Kg6 
46.Kg3 {This will be hard to win, though} 
 1/2-1/2

[Event "HCL-A044"]
[Site "www.playchess.de"]
[Date "2001.02.04"]
[Round "15"]
[White "robert66"]
[Black "yose"]
[WhiteElo "1600"]
[BlackElo "1600"]
[PlyCount "33"]
[Result "1-0"]

1.d4 d5 2.Nf3 Bg4 3.e3 Nc6 4.Nbd2 e6 5.Bb5 Bxf3 
6.Qxf3 Qd7 7.c4 a6 8.Bxc6 Qxc6 9.Qe2 Bb4 10.cxd5 
exd5 11.O-O Nf6 12.Nf3 Bd6 13.Bd2 Qc2 14.b3 Qc6 
15.Rfc1 Qd7 16.h3 O-O 17.Ne5 1-0

[Event "HCL-A050"]
[Site "www.playchess.de"]
[Date "2001.02.04"]
[Round "3"]
[White "Baur"]
[Black "DieHard"]
[WhiteElo "1700"]
[BlackElo "2091"]
[PlyCount "23"]
[Result "1-0"]

1.Nf3 Nf6 2.b3 g6 3.Bb2 Bg7 4.c4 O-O 5.Nc3 b6 6.g3 
Bb7 7.Bg2 d6 8.d4 Nbd7 9.O-O c5 10.Rc1 cxd4 
11.Nxd4 Bxg2 12.Kxg2 1-0

[Event "HCL-A061"]
[Site "www.playchess.de"]
[Date "2001.02.04"]
[Round "2"]
[White "Kasparovjr"]
[Black "peze"]
[WhiteElo "1700"]
[BlackElo "1907"]
[PlyCount "49"]
[Result "1/2-1/2"]

1.e4 e5 2.Nf3 Nf6 3.Nxe5 d6 4.Nc4 Nxe4 5.Nc3 Nxc3 
6.bxc3 Be7 7.d4 O-O 8.Bd3 c5 9.Ne3 Re8 10.O-O Nc6 
11.Re1 d5 12.dxc5 Bxc5 13.c4 d4 14.Nd5 Rxe1+ 
15.Qxe1 Be6 16.Nf4 Qd6 17.Qe4 g6 18.Rb1 b6 19.Nh5 
Qe5 20.Qxc6 Rc8 21.Bf4 Qxh5 22.Qb7 Qh4 23.Bb8 a5 
24.Re1 Qd8 25.Be5 1/2-1/2

[Event "HCL-A064"]
[Site "www.playchess.de"]
[Date "2001.02.04"]
[Round "7"]
[White "Werner"]
[Black "peze3"]
[WhiteElo "1858"]
[BlackElo "2168"]
[PlyCount "64"]
[Result "0-1"]

1.e4 e5 2.f4 exf4 3.Nf3 g5 4.Bc4 Bg7 5.O-O h6 6.d4 
d6 7.c3 Nc6 8.Qa4 Ke7 9.b4 a6 10.Bb2 Be6 11.Bd3 
Nf6 12.d5 Ne5 13.Nxe5 dxe5 14.c4 Ng4 15.Qb3 Bd7 
16.Nc3 h5 17.c5 h4 18.d6+ cxd6 19.Nd5+ Kf8 20.h3 
Nf6 21.cxd6 Ne8 22.b5 g4 23.bxa6 bxa6 24.Nb6 gxh3 
25.Nxa8 hxg2 26.Kxg2 Qxa8 27.Qb6 Rh6 28.Kh2 Rg6 
29.Rfg1 Rg3 30.Rxg3 hxg3+ 31.Kg2 f5 32.Re1 
Nf6 0-1

[Event "HCL-B081"]
[Site "www.playchess.de"]
[Date "2001.02.04"]
[Round "27"]
[White "trolo"]
[Black "Juice"]
[WhiteElo "1801"]
[BlackElo "1537"]
[PlyCount "38"]
[Result "0-1"]

1.e4 e6 2.d4 d5 3.e5 c5 4.c3 Qb6 5.Nf3 Bd7 6.Bd3 
Bb5 7.O-O Bxd3 8.Qxd3 cxd4 9.cxd4 Nc6 10.Rd1 Nge7 
11.Nc3 a6 12.a3 Ng6 13.Rb1 Be7 14.b4 O-O 15.Be3 f6 
16.exf6 Bxf6 17.Ne2 Rf7 18.Rdc1 Nh4 19.Nxh4 
Bxh4 0-1

[Event "HCL-B098"]
[Site "www.playchess.de"]
[Date "2001.02.04"]
[Round "4"]
[White "shepherd"]
[Black "Slide"]
[WhiteElo "1581"]
[BlackElo "1533"]
[PlyCount "80"]
[Result "0-1"]

1.e4 e5 2.Nf3 d6 3.d4 Bg4 4.Be2 Nc6 5.d5 Nb8 6.c4 
c6 7.Nc3 Qc7 8.O-O Nf6 9.Bg5 Nbd7 10.Nh4 Bxe2 
11.Nxe2 Nxe4 12.Be3 cxd5 13.Qxd5 Nef6 14.Qd3 Nc5 
15.Qc2 Be7 16.b4 Ncd7 17.Nf5 Bf8 18.f4 g6 19.fxe5 
dxe5 20.Nh6 Nd5 21.Bd2 Bxh6 22.Bxh6 Nxb4 23.Qb3 
Na6 24.Qf3 f5 25.Rab1 O-O-O 26.Nc3 f4 27.Kh1 Qc6 
28.Nd5 Kb8 29.Rfe1 Ka8 30.Bxf4 Rhf8 31.g3 g5 
32.Re3 gxf4 33.gxf4 exf4 34.Re6 Qxc4 35.Rxa6 Ne5 
36.Nb6+ Kb8 37.Nxc4 Nxf3 {well done...}  38.Na5 b6 
39.Rb2 Rfg8 40.Rb1 Rd2 0-1

[Event "HCL-B106"]
[Site "www.playchess.de"]
[Date "2001.02.04"]
[Round "31"]
[White "BOB"]
[Black "Yogibear"]
[WhiteElo "1500"]
[BlackElo "1951"]
[PlyCount "63"]
[Result "1/2-1/2"]

1.d4 d5 2.c4 e5 3.dxe5 d4 4.Nf3 Nc6 5.g3 Bg4 6.Bg2 
Qd7 7.O-O O-O-O 8.Qb3 h5 9.Bg5 Be7 10.Bxe7 Ngxe7 
11.Nbd2 Ng6 12.Rfd1 h4 13.Ne4 b6 14.c5 Bxf3 
15.Bxf3 Ngxe5 16.cxb6 cxb6 17.Rac1 hxg3 18.hxg3 
Nxf3+ 19.Qxf3 Rh6 20.Ng5 Rf6 21.Qe4 Kb7 22.Rc4 Qd5 
23.Rdc1 Qxe4 24.Nxe4 Rh6 25.Ng5 Rd7 26.Kg2 Ne5 
27.R4c2 d3 28.Rd2 f6 29.Ne6 f5 30.Nf4 dxe2 31.Rxe2 
Ng4 32.Rh1 {i think it is really a draw} 
 1/2-1/2

[Event "HCL-B106"]
[Site "www.playchess.de"]
[Date "2001.02.04"]
[Round "32"]
[White "polemicz"]
[Black "BOB"]
[WhiteElo "1500"]
[BlackElo "1500"]
[PlyCount "32"]
[Result "1/2-1/2"]

1.e4 c5 2.Nf3 e6 3.d4 cxd4 4.Nxd4 Nf6 5.Nc3 Nc6 
6.Be2 Bb4 7.O-O Bxc3 8.bxc3 Nxe4 9.Bd3 Nxc3 10.Qg4 
O-O 11.Qh3 f5 12.Nxc6 bxc6 13.Bd2 Nd5 14.c4 Nf6 
15.Bg5 Qb6 16.Qg3 d5 {i won't play i am winning 
and i give you a big present}  1/2-1/2

[Event "HCL-B106"]
[Site "www.playchess.de"]
[Date "2001.02.04"]
[Round "36"]
[White "dogman"]
[Black "BOB"]
[WhiteElo "1264"]
[BlackElo "1500"]
[PlyCount "48"]
[Result "0-1"]

1.d4 Nf6 2.c4 e6 3.Nc3 Bb4 4.Bd2 O-O 5.Qc2 d5 6.a3 
Bxc3 7.Bxc3 dxc4 8.e3 b5 9.Nf3 Bb7 10.Be2 Nbd7 
11.Ng5 a5 12.d5 exd5 13.Bg4 g6 14.O-O Nxg4 15.Nf3 
c5 16.Bd2 Nde5 17.Nxe5 Nxe5 18.Rae1 Nd3 19.Re2 Re8 
20.f4 d4 21.f5 Ne5 22.fxg6 hxg6 23.Ree1 Qg5 24.g3 
Nf3+ {i think you should give up} 
 0-1

[Event "HCL-B122"]
[Site "www.playchess.de"]
[Date "2001.02.04"]
[Round "11"]
[White "sarek"]
[Black "BOB"]
[WhiteElo "916"]
[BlackElo "1500"]
[PlyCount "32"]
[Result "1/2-1/2"]

1.e4 c5 2.c3 e6 3.d4 d5 4.exd5 exd5 5.dxc5 Bxc5 
6.Nf3 Qb6 7.Qe2+ Ne7 8.g3 O-O 9.Bg2 Nbc6 10.O-O 
Be6 11.b4 Bd6 12.Be3 Qc7 13.Ng5 Rac8 14.Qh5 h6 
15.Nh3 Nf5 16.Nd2 Nxe3 1/2-1/2

[Event "HCL-B123"]
[Site "www.playchess.de"]
[Date "2001.02.04"]
[Round "2"]
[White "Ludger"]
[Black "JayKay"]
[WhiteElo "1500"]
[BlackElo "1735"]
[PlyCount "62"]
[Result "0-1"]

1.e4 c5 2.d4 cxd4 3.c3 dxc3 4.Nxc3 d6 5.Nf3 e6 
6.Bc4 Nc6 7.Bf4 Nf6 8.Qe2 Be7 9.Rd1 Nh5 10.Be3 O-O 
11.e5 d5 12.Bd3 g6 13.Bh6 Ng7 14.g4 Qb6 15.a3 Rd8 
16.h4 Qa5 17.Kf1 d4 18.Ne4 Nxe5 19.Neg5 Nxd3 
20.Rxd3 b6 21.b4 Qa4 22.Ne5 Ba6 23.h5 Bxg5 24.Bxg5 
Rd5 25.Bf6 Ne8 26.Nxf7 Kxf7 27.hxg6+ hxg6 28.Bh8 
Qc6 29.Rh7+ Kg8 30.Rh6 Bxd3 31.Qxd3 
Qc1+ 0-1

[Event "HCL-B129"]
[Site "www.playchess.de"]
[Date "2001.02.04"]
[Round "10"]
[White "Hubble"]
[Black "King_Safety"]
[WhiteElo "1623"]
[BlackElo "1223"]
[PlyCount "57"]
[Result "1-0"]

1.e4 c6 2.d4 d5 3.exd5 cxd5 4.Be3 Nf6 5.Bb5+ Bd7 
6.Bxd7+ Nbxd7 7.Nf3 e6 8.O-O Be7 9.h3 O-O 10.c3 
Nb6 11.Nbd2 Rc8 12.Rc1 Nc4 13.Nxc4 Rxc4 14.Ne5 Qa5 
15.Nxc4 Qxa2 16.Nd2 Qxb2 17.Rb1 Qxc3 18.Rxb7 Re8 
19.Rxa7 h5 20.Qa4 Kf8 21.Nf3 Ne4 22.Rc1 Qb4 23.Qd7 
Nf6 24.Qc7 Ne4 25.Ne5 g6 26.Nc6 Qd6 27.Bh6+ Kg8 
28.Nxe7+ Qxe7 29.Qxe7 1-0

[Event "HCL-B129"]
[Site "www.playchess.de"]
[Date "2001.02.04"]
[Round "11"]
[White "Brussels_Hooligan"]
[Black "darweyg"]
[WhiteElo "1439"]
[BlackElo "991"]
[PlyCount "33"]
[Result "1-0"]

1.e4 e5 2.f4 d6 3.Nf3 exf4 4.d4 Nf6 5.Nc3 h6 
6.Bxf4 Bd7 7.Bc4 Be7 8.O-O Nc6 9.e5 Nh5 10.Be3 
dxe5 11.Bxf7+ Kf8 12.Bxh5 e4 13.Nxe4 b6 14.Ne5+ 
Bf6 15.Nxd7+ Qxd7 16.Nxf6 Qd6 17.Ne4+ 1-0

[Event "HCL-B130"]
[Site "www.playchess.de"]
[Date "2001.02.04"]
[Round "3"]
[White "darweyg"]
[Black "waz2000"]
[WhiteElo "991"]
[BlackElo "1500"]
[PlyCount "44"]
[Result "0-1"]

1.Nc3 d5 2.d4 Nf6 3.Nf3 Nc6 4.Bf4 e6 5.e3 Bd6 
6.Bxd6 Qxd6 7.a3 O-O 8.Nb5 Qd8 9.h3 Ne4 10.Qe2 a6 
11.Nc3 Nxc3 12.bxc3 e5 13.Nxe5 Nxe5 14.dxe5 Qe7 
15.Qh5 g6 16.Qf3 Qxe5 17.Bd3 Qxc3+ 18.Ke2 Be6 
19.Rhb1 c5 20.Ra2 c4 21.Bxc4 Qxc4+ 22.Ke1 
Qxa2 0-1

[Event "HCL-B130"]
[Site "www.playchess.de"]
[Date "2001.02.04"]
[Round "8"]
[White "darweyg"]
[Black "player27"]
[WhiteElo "991"]
[BlackElo "1567"]
[PlyCount "60"]
[Result "0-1"]

1.d4 Nf6 2.Nf3 e6 3.e3 c5 4.Nc3 d5 5.Bb5+ Nbd7 
6.Ne5 a6 7.Ba4 b5 8.Nc6 Qb6 9.dxc5 Qxc6 10.Bb3 
Nxc5 11.O-O Bb7 12.a3 Nxb3 13.cxb3 d4 14.f3 dxc3 
15.bxc3 Rd8 16.Qe2 Qxc3 17.Bb2 Qd2 18.Rfe1 Bc5 
19.Bc1 Qd6 20.b4 Ba7 21.Ra2 Bb8 22.g3 Qd5 23.Rd2 
Qxf3 24.Rxd8+ Kxd8 25.Rd1+ Ke7 26.Qxf3 Bxf3 27.Rd4 
Ba7 28.Rf4 Ba8 29.Bd2 Ne4 30.Bc1 
Rc8 0-1

[Event "HCL-B132"]
[Site "www.playchess.de"]
[Date "2001.02.04"]
[Round "8"]
[White "fadda"]
[Black "nice"]
[WhiteElo "1558"]
[BlackElo "1500"]
[PlyCount "21"]
[Result "1-0"]

1.e4 e5 2.Nf3 Nf6 3.Nc3 Bb4 4.d3 d5 5.Bd2 d4 6.Ne2 
Bxd2+ 7.Qxd2 Nc6 8.g3 h6 9.c3 Bg4 10.Bg2 Qd7 
11.cxd4 1-0

[Event "HCL-B132"]
[Site "www.playchess.de"]
[Date "2001.02.04"]
[Round "16"]
[White "Nulnulnix"]
[Black "killerz"]
[WhiteElo "920"]
[BlackElo "1300"]
[PlyCount "21"]
[Result "1-0"]

1.e4 e5 2.Nf3 d6 3.Nc3 h6 4.d4 exd4 5.Nxd4 Nf6 
6.h3 a6 {happy to see you again :)}  7.Bc4 {;-)}  
b5 8.Bd5 Nxd5 9.Nxd5 c5 10.Nf5 Bb7 
11.O-O 1-0

[Event "HCL-B135"]
[Site "www.playchess.de"]
[Date "2001.02.04"]
[Round "11"]
[White "dmitry"]
[Black "BOB"]
[WhiteElo "1389"]
[BlackElo "1652"]
[PlyCount "38"]
[Result "1/2-1/2"]

1.e4 c5 2.Nf3 Nc6 3.d4 cxd4 4.Nxd4 Nf6 5.Nc3 e5 
6.Ndb5 d6 7.Bg5 a6 8.Na3 b5 9.Nd5 Be7 10.Bxf6 Bxf6 
11.Be2 O-O 12.O-O Nd4 13.c3 Nxe2+ 14.Qxe2 Rb8 
15.Nc2 Bg5 16.Ncb4 Bb7 17.Rad1 Rc8 18.Rd3 a5 
19.Nc2 f5 1/2-1/2

[Event "HCL-C065"]
[Site "www.playchess.de"]
[Date "2001.02.04"]
[Round "14"]
[White "chelo"]
[Black "Queen"]
[WhiteElo "1000"]
[BlackElo "681"]
[PlyCount "50"]
[Result "0-1"]

1.d4 d5 2.Nc3 Nc6 3.Bf4 Bf5 4.Nb5 a6 5.Nxc7+ Kd7 
6.Nxa8 Qxa8 7.Nf3 b5 8.Be5 Nxe5 9.Nxe5+ Kd6 
10.Nxf7+ Ke6 11.Nxh8 a5 12.g3 Nf6 13.Bh3 Bxh3 
14.Qd3 Bg2 15.Rg1 Be4 16.Qxb5 Qc6 17.Qxa5 g6 
18.Qd8 Qd7 19.Qxf8 Bxc2 20.Qf7+ Kd6 21.Qxh7 Nxh7 
22.Nxg6 Bxg6 23.a4 Qa7 24.b4 e6 25.f4 
Qxd4 0-1

[Event "HCL-C086"]
[Site "www.playchess.de"]
[Date "2001.02.04"]
[Round "4"]
[White "MAURICE"]
[Black "donkey"]
[WhiteElo "474"]
[BlackElo "800"]
[PlyCount "42"]
[Result "0-1"]

1.Nc3 c5 2.e4 Nc6 3.g3 g6 4.Bd3 Bg7 5.Nb1 d6 6.Nc3 
Nf6 7.Nf3 O-O 8.h4 Bg4 9.Qe2 Ne5 10.Bb5 Bxf3 
11.Qe3 Bxh1 12.Na4 Bxe4 13.Kd1 a6 14.Qf4 axb5 
15.Qe3 bxa4 16.c3 Bf3+ 17.Ke1 Nfg4 18.Qg5 h6 
19.Qf4 Nd3+ 20.Kf1 Nxf4 21.gxf4 
Qb6 0-1

[Event "HCL-C088"]
[Site "www.playchess.de"]
[Date "2001.02.04"]
[Round "8"]
[White "Mother_Teresa"]
[Black "ksadler"]
[WhiteElo "1151"]
[BlackElo "933"]
[PlyCount "51"]
[Result "1-0"]

1.e4 e5 2.Nf3 Nc6 3.Bb5 Nf6 4.d3 Nd4 5.Nxd4 exd4 
6.Bg5 c6 7.Ba4 h6 8.Bh4 Qc7 9.Bxf6 gxf6 10.Nd2 d5 
11.exd5 Bb4 12.O-O Rg8 13.dxc6 bxc6 14.Ne4 f5 
15.Nf6+ Kf8 16.Nxg8 Kxg8 17.Qh5 Kg7 18.Qf3 Bb7 
19.Qxf5 Qc8 20.Qe5+ f6 21.Qxd4 c5 22.Qd6 Qd8 
23.Qxd8 Rxd8 24.a3 Bd2 25.Rad1 Bf4 
26.g3 1-0

[Event "HCL-C117"]
[Site "www.playchess.de"]
[Date "2001.02.04"]
[Round "32"]
[White "Wesley"]
[Black "Optimo"]
[WhiteElo "1000"]
[BlackElo "1276"]
[PlyCount "20"]
[Result "0-1"]

1.Nf3 d5 2.d4 Nf6 3.Ne5 e6 4.e3 Bd6 5.f4 Ne4 6.Qg4 
Qf6 7.Bb5+ c6 8.Be2 Nd7 9.Bd3 Be7 10.Nc3 
Bb4 0-1

[Event "HCL-C122"]
[Site "www.playchess.de"]
[Date "2001.02.04"]
[Round "6"]
[White "mbshier"]
[Black "bazbaz"]
[WhiteElo "1465"]
[BlackElo "1000"]
[PlyCount "45"]
[Result "1-0"]

1.Nf3 d5 2.d4 Nc6 3.e3 Bg4 4.Be2 Rb8 5.h3 Bf5 6.c3 
Na5 7.O-O e6 8.Bd3 Nf6 9.Qe2 Nc6 10.Nbd2 g6 11.e4 
dxe4 12.Nxe4 Nd5 13.Bg5 f6 14.Nxf6+ Kf7 15.Bxf5 
gxf5 16.Nxh7 Nf6 17.Bxf6 Be7 18.Nhg5+ Kxf6 
19.Qxe6+ Kg7 20.Qf7+ Kh6 21.Nh4 Kxg5 22.Qxf5+ Kh6 
23.Qg6+ 1-0

[Event "HCL-C125"]
[Site "www.playchess.de"]
[Date "2001.02.04"]
[Round "24"]
[White "Mizar"]
[Black "Alcoholic"]
[WhiteElo "1000"]
[BlackElo "1507"]
[PlyCount "20"]
[Result "0-1"]

1.e4 e5 2.Nf3 Nf6 3.Nc3 Nc6 4.Bc4 Nxe4 5.Nxe4 d5 
6.Bxd5 Qxd5 7.Nc3 Qc5 8.d3 Be7 9.Be3 Nd4 10.O-O 
Bg4 0-1

[Event "HCL-C138"]
[Site "www.playchess.de"]
[Date "2001.02.04"]
[Round "6"]
[White "Last_Pawn"]
[Black "chipc"]
[WhiteElo "715"]
[BlackElo "667"]
[PlyCount "61"]
[Result "1-0"]

1.e4 e5 2.Nf3 Nc6 3.Bc4 Nf6 4.Nc3 Bc5 5.O-O a6 
6.d3 Ng4 7.Bg5 f6 8.Bh4 Rb8 9.Ne2 Na5 10.b3 b5 
11.Bd5 g5 12.Bg3 c6 13.h3 Nh6 14.d4 Bb4 15.dxe5 
cxd5 16.exd5 f5 17.e6 f4 18.Bh2 Nf5 19.Ne5 Qf6 
20.exd7+ Bxd7 21.Nxd7 Qb6 22.Nxb6 Rxb6 23.Rc1 O-O 
24.c3 Ba3 25.Rc2 Nd6 26.b4 Nac4 27.Nd4 Nb2 28.Qh5 
h6 29.Qxh6 Nc8 30.Ne6 Re8 31.Qg7+ 1-0

[Event "HCL-C143"]
[Site "www.playchess.de"]
[Date "2001.02.04"]
[Round "9"]
[White "king"]
[Black "hun"]
[WhiteElo "1191"]
[BlackElo "1804"]
[PlyCount "42"]
[Result "0-1"]

1.g3 d5 2.Nf3 Nf6 3.Bg2 e6 4.d4 Bb4+ 5.c3 Be7 
6.Qd2 O-O 7.b3 Nc6 8.Ba3 Bxa3 9.Nxa3 Qe7 10.b4 a5 
11.Nc2 Ne4 12.Qd3 axb4 13.Nd2 Nxc3 14.f4 Rxa2 
15.Rxa2 Nxa2 16.Qb3 Nc3 17.h4 b6 18.e4 Ba6 19.Nxb4 
Qxb4 20.exd5 Qxd4 21.dxc6 Qe3+ 0-1

[Event "HCL-E008"]
[Site "www.playchess.de"]
[Date "2001.02.04"]
[Round "2"]
[White "Pete"]
[Black "BigL"]
[WhiteElo "2103"]
[BlackElo "2000"]
[PlyCount "54"]
[Result "0-1"]

1.f4 c5 2.Nf3 Nc6 3.b3 Nf6 4.Bb2 d6 5.e3 g6 6.Bb5 
Bd7 7.Nc3 Bg7 8.Ne4 O-O 9.Nxf6+ exf6 10.O-O a6 
11.Bc4 Ne7 12.Qe1 d5 13.Bd3 Nc6 14.a3 Re8 15.Qf2 
f5 16.Bxg7 Kxg7 17.c3 Be6 18.b4 d4 19.exd4 cxd4 
20.Bc2 Qf6 21.Nxd4 Nxd4 22.Qxd4 Qxd4+ 23.cxd4 Red8 
24.g3 Rxd4 25.Rfd1 Rc8 {Please let's play a few 
moves more}  26.Rdc1 {Please don't be offended at 
my draw offer. I see now that I badly misjudged 
the position.}  Rdc4 {No problem. Your welcome !}  
27.Ra2 Rxb4 0-1

[Event "HCL-E008"]
[Site "www.playchess.de"]
[Date "2001.02.04"]
[Round "18"]
[White "NOHAU"]
[Black "Pete"]
[WhiteElo "2145"]
[BlackElo "2103"]
[PlyCount "59"]
[Result "1-0"]

1.e4 c6 2.Nf3 d5 3.e5 Bg4 4.d4 e6 5.c3 c5 6.Nbd2 
Nc6 7.Qa4 Bxf3 8.Nxf3 Qd7 9.dxc5 Bxc5 10.Qg4 g6 
11.Bb5 h5 12.Qf4 a6 13.Ba4 b5 14.Bc2 O-O-O 15.O-O 
Nh6 16.b4 Bb6 17.a4 Nf5 18.axb5 axb5 19.Bd3 Qb7 
20.Qd2 Kc7 21.Qe2 h4 22.Bxb5 Rh5 23.Bg5 Rdh8 
24.Bf6 R8h6 25.Qd3 Ng3 26.Rfe1 Bxf2+ 27.Kxf2 Qb6+ 
28.Nd4 Rf5+ 29.Kg1 Nxd4 30.cxd4 1-0

[Event "HCL-E012"]
[Site "www.playchess.de"]
[Date "2001.02.04"]
[Round "17"]
[White "Goofy"]
[Black "ajedrez"]
[WhiteElo "2000"]
[BlackElo "2349"]
[PlyCount "108"]
[Result "0-1"]

1.d4 Nf6 2.c4 g6 3.Nc3 d5 4.cxd5 Nxd5 5.e4 Nxc3 
6.bxc3 Bg7 7.Bc4 O-O 8.Ne2 c5 9.O-O Nc6 10.Be3 Bg4 
11.f3 Na5 12.Bd3 cxd4 13.cxd4 Be6 14.Rc1 Bxa2 
15.Qa4 Bb3 16.Qb4 b6 17.Ba6 f6 18.Rc3 Bf7 19.Rfc1 
Qd6 20.Qxd6 exd6 21.R3c7 f5 22.exf5 gxf5 23.Bf2 d5 
24.R1c3 Bf6 25.Nf4 Rfe8 26.Bc8 Bg5 27.Bg3 Nb3 
28.Bxf5 Nxd4 29.Bxh7+ Kf8 30.Bd3 a5 31.h4 Bf6 
32.Kh2 Be5 33.Rxf7+ Kxf7 34.Bg6+ Kg7 35.Bxe8 Rxe8 
36.Rd3 Nf5 37.Nh5+ Kf7 38.Bxe5 Rxe5 39.g4 Re2+ 
40.Kh3 Re3 41.Nf4 Rxd3 42.Nxd3 Ne3 43.Kg3 a4 44.h5 
a3 45.Nc1 Nc4 46.Kf4 b5 47.Na2 Na5 48.h6 Nc6 
49.Nc1 b4 50.Nb3 a2 51.g5 Nd4 52.h7 Kg7 53.Nxd4 
a1Q {%}  54.Nf5+ Kxh7 0-1

[Event "HCL-E013"]
[Site "www.playchess.de"]
[Date "2001.02.04"]
[Round "2"]
[White "Jeroen"]
[Black "Aspidazzo"]
[WhiteElo "2214"]
[BlackElo "1822"]
[PlyCount "23"]
[Result "1-0"]

1.e4 d6 2.d4 Nf6 3.Nc3 Nbd7 4.Nf3 e5 5.Bc4 Be7 
6.Ng5 O-O 7.Bxf7+ Rxf7 8.Ne6 Qe8 9.Nxc7 Qd8 
10.Nxa8 b5 11.dxe5 dxe5 12.a4 1-0

[Event "HCL-E014"]
[Site "www.playchess.de"]
[Date "2001.02.04"]
[Round "15"]
[White "Goofy"]
[Black "ARMAGEDON_8"]
[WhiteElo "2122"]
[BlackElo "2253"]
[PlyCount "85"]
[Result "1/2-1/2"]

1.d4 Nf6 2.c4 e5 3.dxe5 Ng4 4.Bf4 Nc6 5.Nf3 Bb4+ 
6.Nbd2 Qe7 7.a3 Ngxe5 8.Nxe5 Nxe5 9.e3 Bxd2+ 
10.Qxd2 d6 11.Be2 O-O 12.O-O b6 13.Qc3 Bb7 14.Rfd1 
Rfe8 15.Bg3 Ng6 16.Rd4 Rad8 17.Rad1 Be4 18.b4 Bb7 
19.Qc2 Be4 20.Bd3 Bxd3 21.Qxd3 Ne5 22.Bxe5 Qxe5 
23.Rd5 Qe4 24.Qxe4 Rxe4 25.c5 Re6 26.Kf1 b5 27.Ke2 
a6 28.cxd6 Rdxd6 29.R5xd6 cxd6 30.Kd3 Kf8 31.Kd4 
Ke7 32.Rc1 Kd7 33.e4 Rh6 34.h3 Rh4 35.f3 f5 36.a4 
fxe4 37.fxe4 Rh5 38.a5 Rg5 39.g4 h5 40.gxh5 Rxh5 
41.Rc3 Rg5 42.Rf3 Ke7 43.Rc3 1/2-1/2

[Event "HCL-E019"]
[Site "www.playchess.de"]
[Date "2001.02.04"]
[Round "4"]
[White "Radost"]
[Black "Habich64"]
[WhiteElo "1941"]
[BlackElo "2000"]
[PlyCount "29"]
[Result "1-0"]

1.e4 c5 2.Nf3 Nc6 3.d4 cxd4 4.Nxd4 g6 5.Nc3 Bg7 
6.Be3 Nf6 7.Bc4 O-O 8.f3 Qb6 9.Qd2 Nxe4 10.Nxc6 
Nxd2 11.Nxe7+ Kh8 12.Bxb6 Nxc4 13.Bf2 Bxc3+ 
14.bxc3 Re8 15.Bd4+ 1-0

[Event "HCL-M009"]
[Site "www.playchess.de"]
[Date "2001.02.04"]
[Round "1"]
[White "cybermemere"]
[Black "ajedrez"]
[WhiteElo "2200"]
[BlackElo "2310"]
[PlyCount "24"]
[Result "0-1"]

1.d4 Nf6 2.c4 g6 3.Nc3 d5 4.cxd5 Nxd5 5.e4 Nxc3 
6.bxc3 Bg7 7.Be3 c5 8.Qd2 O-O 9.Rb1 Nd7 10.Nf3 Nf6 
11.Bd3 b6 12.O-O {Thanks for the re-opening of 
this game!}  cxd4 {You're welcome.} 
 0-1

[Event "ACL-A047"]
[Site "www.playchess.de"]
[Date "2001.02.04"]
[Round "11"]
[White "locko"]
[Black "Morpheus"]
[WhiteElo "1192"]
[BlackElo "1500"]
[PlyCount "52"]
[Result "0-1"]

1.g3 e6 2.Nf3 Nf6 3.Bg2 d5 4.d4 Nc6 5.a3 Bd6 6.b4 
a6 7.Nc3 b5 8.e3 O-O 9.O-O Re8 10.Ne2 e5 11.dxe5 
Nxe5 12.a4 Nxf3+ 13.Bxf3 Bxb4 14.c3 Be7 15.axb5 
Bb7 16.c4 axb5 17.Rxa8 Bxa8 18.cxb5 Qd7 19.g4 Nxg4 
20.Nf4 Nf6 21.e4 Qxb5 22.exd5 Rd8 23.Re1 Bd6 
24.Qd3 Qxd3 25.Nxd3 Bxd5 26.Bxd5 
Nxd5 0-1

[Event "ACL-A048"]
[Site "www.playchess.de"]
[Date "2001.02.04"]
[Round "28"]
[White "surftimm"]
[Black "BruceWillis"]
[WhiteElo "1500"]
[BlackElo "1500"]
[PlyCount "23"]
[Result "1-0"]

1.b4 c6 2.Bb2 Qb6 3.a3 a5 4.Nf3 axb4 5.c3 bxc3 
6.Bxc3 d6 7.e4 Bg4 8.h3 Bh5 9.g4 Bg6 10.e5 d5 
11.Ng5 h6 12.Nf3 1-0

[Event "ACL-A050"]
[Site "www.playchess.de"]
[Date "2001.02.04"]
[Round "17"]
[White "Tarahumara"]
[Black "locko"]
[WhiteElo "992"]
[BlackElo "1153"]
[PlyCount "45"]
[Result "1-0"]

1.e4 e5 2.Qh5 g6 3.Qxe5+ Be7 4.Qxh8 Kf8 5.d4 Bg5 
6.Bxg5 Qxg5 7.Qxh7 Qf4 8.Nd2 Nf6 9.Qh8+ Ng8 
10.O-O-O d5 11.Kb1 Qxf2 12.Nh3 Qxd4 13.Qxd4 Bg4 
14.Re1 Nc6 15.Qxd5 Rd8 16.Qc5+ Nge7 17.Ng5 b6 
18.Qc3 Ke8 19.Bb5 Rd6 20.Rhf1 f6 21.Rxf6 Ng8 
22.Qe5+ Nge7 23.Rf7 1-0

[Event "ACL-A050"]
[Site "www.playchess.de"]
[Date "2001.02.04"]
[Round "20"]
[White "locko"]
[Black "donkey"]
[WhiteElo "1153"]
[BlackElo "1100"]
[PlyCount "46"]
[Result "0-1"]

1.g3 c5 2.c4 Nc6 3.Nf3 Nf6 4.d3 g6 5.b3 Bg7 6.Bb2 
O-O 7.d4 d5 8.e3 cxd4 9.exd4 dxc4 10.bxc4 Bg4 
11.Be2 Bxf3 12.Bxf3 Qb6 13.Qd2 Rfd8 14.c5 Qa6 
15.Be2 Nxd4 16.Bxd4 Qc6 17.O-O Ne4 18.Qe3 Bxd4 
19.Qf4 Bxa1 20.Nd2 Rxd2 21.Bf3 Rxf2 22.Rxf2 Nxf2 
23.Kxf2 Qxc5+ 0-1

[Event "ACL-A070"]
[Site "www.playchess.de"]
[Date "2001.02.04"]
[Round "10"]
[White "Mr_Arnaud"]
[Black "Habi"]
[WhiteElo "1240"]
[BlackElo "1500"]
[PlyCount "25"]
[Result "1/2-1/2"]

1.e4 c5 2.Nf3 d6 3.d4 cxd4 4.Nxd4 Nf6 5.Nc3 g6 
6.Be2 Bg7 7.O-O O-O 8.Nb3 Nc6 9.Be3 a6 10.f4 b5 
11.Bf3 Bb7 12.Qd2 Qc7 13.Rad1 {draw!I must change 
of computer it would take 1 month} 
 1/2-1/2

[Event "ACL-E001"]
[Site "www.playchess.de"]
[Date "2001.02.04"]
[Round "7"]
[White "noodweer"]
[Black "mhansen"]
[WhiteElo "1941"]
[BlackElo "1938"]
[PlyCount "33"]
[Result "1-0"]

1.d4 Nf6 2.c4 e6 3.Nc3 Bb4 4.Qc2 d5 5.cxd5 exd5 
6.Bg5 h6 7.Bh4 Bg4 8.a3 Ba5 9.h3 Be6 10.b4 Bb6 
11.e3 Nbd7 12.Bd3 c6 13.Nge2 Qe7 14.O-O g5 15.Bg3 
g4 16.h4 Nh5 17.Na4 1-0

[Event "ACL-A080"]
[Site "www.playchess.de"]
[Date "2001.02.04"]
[Round "2"]
[White "deepcover"]
[Black "guerino"]
[WhiteElo "1730"]
[BlackElo "1500"]
[PlyCount "35"]
[Result "1-0"]

1.e4 e6 2.d4 d5 3.Nc3 Bb4 4.e5 c5 5.a3 Bxc3+ 
6.bxc3 Ne7 7.Qg4 Qc7 8.Qxg7 Rg8 9.Qxh7 cxd4 10.Ne2 
Nbc6 11.cxd4 Nxd4 12.Rb1 Nxc2+ 13.Kd2 Bd7 14.Qxc2 
Qa5+ 15.Qc3 Qxc3+ 16.Kxc3 Rc8+ 17.Kd3 Bb5+ 
18.Rxb5 1-0